UML bible

Guardat en:
Dades bibliogràfiques
Autor principal: Pender, Tom (Autor)
Format: Llibre
Idioma:anglès
Publicat: Indianápolis John Wiley 2003
Edició:1a. ed
Matèries:
Etiquetes: Afegir etiqueta
Sense etiquetes, Sigues el primer a etiquetar aquest registre!

MARC

LEADER 00000nam a2200000 a 4500
001 UCK7902
003 CL-VaPUC
008 051230e20030000US |||||||||||||||||eng|d
020 |a 0764526049 
082 0 4 |a 005.117  |b PEN  |2 21 
100 0 |a Pender, Tom  |e author  |9 497599 
245 1 0 |a UML bible 
250 |a 1a. ed 
300 |a 940 p 
942 |c BK 
945 |d 20051230 00:00:00  |a cmena 
260 |a Indianápolis  |b John Wiley  |c 2003 
650 0 |a Programación orientada al objeto  |9 387863 
650 0 |a Proceso de datos   |9 259776 
650 0 |a Programación de computadores   |9 259531 
650 0 |a Software  |9 387312 
583 |a last modification  |c 20051230 00:00:00  |k Rodrigo Vera 
999 |c 315738  |d 315736 
952 |0 0  |1 0  |4 0  |6 005_117000000000000_PEN_2003  |7 0  |8 A  |9 389407  |a BIBING  |b BIBING  |d 2019-11-22  |i 4193644  |o 005.117 PEN 2003  |p 4193644  |r 2025-01-20  |w 2019-11-22  |y BK  |k EII